|
|
|
|
| LEADER |
00000nkm a2200000 a 4500 |
| 001 |
vtls011836875 |
| 003 |
SK-MaSNL |
| 005 |
20260512125329.0 |
| 007 |
kp bo |
| 008 |
230718q1919 xo g kuslo |
| 015 |
|
|
|a SNBG
|
| 035 |
|
|
|a urn:nbn:sk:snk-km00dtr1
|
| 035 |
|
|
|a urn:nbn:sk:snk-km3lua3
|
| 035 |
|
|
|a D25C683B-46A6-468B-8749-D5B2DF72C70E
|
| 040 |
|
|
|a SNK
|b slo
|c SNK
|e AACR2
|
| 041 |
0 |
|
|a slo
|
| 043 |
|
|
|a e-xo---
|
| 044 |
|
|
|a xo
|c SK
|
| 072 |
|
7 |
|a 913
|x Regionálna geografia
|2 konspekt
|
| 080 |
|
|
|a 913(437.6)
|2 2011
|
| 080 |
|
|
|a 556.53
|2 2011
|
| 080 |
|
|
|a (084.121)
|2 2011
|
| 080 |
|
|
|a 624.21/.8
|2 2011
|
| 080 |
|
|
|a 721
|2 2011
|
| 080 |
|
|
|a 697.8
|2 2011
|
| 245 |
0 |
0 |
|a Pov. Bystrica
|h grafika
|b Štefanikov most
|
| 260 |
|
|
|a [Slovensko?]
|b [vydavateľ neznámy]
|c [medzi 1919 a 1945?]
|
| 300 |
|
|
|a 1 pohľadnica
|b čiernobiela
|c 9 x 14 cm
|
| 500 |
|
|
|a Názvové údaje prevzaté z obrazovej časti pohľadnice
|
| 520 |
8 |
|
|a Zobrazenie: Pohľad v bielom orámovaní spoza stromov na most vedúci ponad rieku Váh. Vpravo v pozadí vidno budovy z mesta a vpravo vysoký priemyselný komín. Za mestom sú hory a lúky
|
| 650 |
0 |
7 |
|a rieky
|2 SNKPH
|9 29644
|
| 650 |
0 |
7 |
|a mosty
|2 SNKPH
|9 3015
|
| 650 |
0 |
7 |
|a budovy
|2 SNKPH
|9 1283
|
| 651 |
|
7 |
|a Váh (Slovensko : rieka)
|2 SNKPHgeo
|9 59387
|
| 651 |
|
7 |
|a Považská Bystrica (Slovensko)
|2 SNKPHgeo
|9 28796
|
| 655 |
|
7 |
|a miestne pohľadnice
|2 SNKPH
|9 70510
|
| 852 |
|
|
|a Slovenská národná knižnica
|
| 954 |
|
|
|a pohľadnice pôvodné (slovenské)
|2 lita
|
| 958 |
|
|
|a OND
|
| 958 |
|
|
|a GBN
|
| 958 |
|
|
|a GC
|
| 958 |
|
|
|a EUIPO
|
| 999 |
|
|
|c 1030834
|d 1032764
|
| 952 |
|
|
|a SNK
|b SNK
|y PREZ
|7 0
|p 17A1292210
|o snkSP 136339
|z Pohľadnica prešla poštou.
|0 0
|1 0
|4 0
|d 2019-01-25
|f 1
|l 0
|r 2026-02-24 13:53:19
|w 2026-02-24
|